Liedtext - Es ist wie es ist - Die Prinzen - Statistiken

Allgemein
  • Dieses Quiz wurde 9 mal gespielt
  • Das Durchschnittsergebnis liegt bei 188 aus 212
Antwortstatistiken
Antwort % Korrekt
auf
100%
dich
100%
Du
100%
du
100%
Es
100%
es
100%
(Es
100%
hast
100%
im
100%
ist
100%
ist)
100%
'n
100%
nicht
100%
nichts
100%
wie
100%
zu
100%
als
88%
Bei
88%
bist
88%
dir
88%
gut
88%
'ne
88%
Und
88%
wenn
88%
wieder
88%
Mach'
75%
kein
63%
klein
63%
kleiner
63%
Macht
63%
nie
63%
Freundin
50%
Gesicht
50%
hinfällst
50%
kommst
50%
Pickel
50%
steh'
50%
dick
38%
drauf
38%
einiges
38%
Hauptsache
38%
nirgendwo
38%
rein
38%
Silberblick
38%
ziemlich
38%
Ecstasy
25%
kennst
25%
hörst
13%
Techno
13%
Keine übereinstimmenden Quizze gefunden
Verteilung der Resultate
Anzahl Personen mit jedem Resultat
Perzentil nach korrekt beantworteten Fragen
Ihre Resultats-Entwicklung
Sie haben dieses Quiz noch nicht gespielt